Cómo se proyecta una vivienda

محفوظ في:
التفاصيل البيبلوغرافية
المؤلف الرئيسي: Moia, José Luis (autor)
التنسيق: كتاب
اللغة:الإسبانية
منشور في: Barcelona Gustavo Gili 1968
الطبعة:1a. ed
الموضوعات:
الوسوم: إضافة وسم
لا توجد وسوم, كن أول من يضع وسما على هذه التسجيلة!

MARC

LEADER 00000nam a2200000 a 4500
001 UCG6648
003 CL-VaPUC
008 110509e19680000SP |||||||||||||||||spa|d
020 |a 9788425219658 
082 0 4 |a 692.1  |b MOI  |2 21 
100 |a Moia, José Luis  |e autor  |9 556970 
245 1 0 |a Cómo se proyecta una vivienda 
250 |a 1a. ed 
300 |a 151 p 
942 |c BK 
945 |d 20110509 00:00:00  |a jcampos 
260 |a Barcelona  |b Gustavo Gili  |c 1968 
650 0 |a Viviendas   |9 255326 
650 7 |a PLANOS Y DIBUJOS  |2 CL-VaPUC  |9 556968 
650 0 |a Análisis estructural   |9 260661 
650 0 |a Arquitectura  |9 804558 
650 7 |a TERRENOS  |2 CL-VaPUC  |9 402790 
583 |a last modification  |c 20110509 00:00:00  |k Rodrigo Vera 
999 |c 344805  |d 344803 
952 |0 0  |1 0  |4 0  |6 692_100000000000000_MOI_1968  |7 0  |8 R  |9 443003  |a BIBARQ  |b BIBARQ  |d 2019-11-22  |i 4774663  |l 1  |o 692.1 MOI 1968  |p 4774663  |r 2025-01-20  |s 2024-09-30  |w 2019-11-22  |y BK_R  |k ARQ 
952 |0 0  |1 0  |4 0  |6 692_100000000000000_MOI_1968  |7 0  |8 R  |9 443004  |a BIBARQ  |b BIBARQ  |d 2019-11-22  |i 4774671  |o 692.1 MOI 1968  |p 4774671  |r 2025-01-20  |w 2019-11-22  |y BK_R  |k ARQ